The Quality of life / (Record no. 53607)
[ view plain ]
| 000 -LEADER | |
|---|---|
| fixed length control field | 01254nam a22002657a 4500 |
| 005 - DATE AND TIME OF LATEST TRANSACTION | |
| control field | 20110704145056.0 |
| 010 ## - LCCN (DPL NO) | |
| LC control number | B-430925 |
| 020 ## - INTERNATIONAL STANDARD BOOK NUMBER | |
| International Standard Book Number | 9780195649659 |
| Terms of availability | 475.00 |
| 020 ## - INTERNATIONAL STANDARD BOOK NUMBER | |
| International Standard Book Number | 0195649656 |
| Terms of availability | 475.00 |
| 035 ## - SYSTEM CONTROL NUMBER | |
| System control number | B-430925 |
| 037 ## - SOURCE OF ACQUISITION | |
| Stock number | Allied Pub/Ven |
| 082 ## - DEWEY DECIMAL CLASSIFICATION NUMBER | |
| Classification number | 306 |
| 245 ## - TITLE STATEMENT | |
| Title | The Quality of life / |
| Statement of responsibility, etc | edited by Martha Nussbaum and Amartya Sen. |
| 260 ## - PUBLICATION, DISTRIBUTION, ETC. (IMPRINT) | |
| Place of publication, distribution, etc | New Delhi |
| Name of publisher, distributor, etc | Oxford University Press |
| Date of publication, distribution, etc | 2007 |
| 300 ## - PHYSICAL DESCRIPTION | |
| Extent | xi, 453p. |
| Other physical details | ill |
| Dimensions | 23cm. (pbk) |
| 490 ## - SERIES STATEMENT | |
| Series statement | WIDER studies in development economics |
| -- | 29230 |
| 500 ## - GENERAL NOTE | |
| General note | A study prepared for the World Institute for Development Economics Research (WIDER) of the United Nations University." |
| 500 ## - GENERAL NOTE | |
| General note | Papers presented at a conference sponsored by the World Institute for Development Economics Research. |
| 500 ## - GENERAL NOTE | |
| General note | Includes bibliographical references and indexes. |
| 700 ## - ADDED ENTRY--PERSONAL NAME | |
| Personal name | Sen, Amartya, |
| Dates associated with a name | 1933- |
| 9 (RLIN) | 29180 |
| 700 ## - ADDED ENTRY--PERSONAL NAME | |
| Personal name | Nussbaum, Martha Craven, |
| Dates associated with a name | 1947- |
| 9 (RLIN) | 29181 |
| 942 ## - ADDED ENTRY ELEMENTS (KOHA) | |
| Source of classification or shelving scheme | Dewey Decimal Classification |
| Item type | English Books |
| Classification part | 306 |
| Call number suffix | QUA |
| Withdrawn status | Lost status | Not for loan | Collection code | Home library | Current library | Date acquired | Source of acquisition | Cost, normal purchase price | Full call number | Barcode | Copy number | Cost, replacement price | Koha item type |
|---|---|---|---|---|---|---|---|---|---|---|---|---|---|
| Non-fiction | Central Library | Central Library | 07/07/2011 | Allied Pub/2951/29.3.11/78/14.3.11/31.3.11 | 475.00 | 306 QUA | B-430925 | 1 | 475.00 | English Books |
